[Event "Cairo"]
[Site "Cairo"]
[Date "1999.??.??"]
[Round "?"]
[White "Mohamed, Akram"]
[Black "Mageed, A."]
[Result "1-0"]
[WhiteElo "2215"]
[BlackElo "2236"]
[PlyCount "61"]
[EventDate "1999.??.??"]
[EventType "game"]
[EventRounds "1"]
[EventCountry "EGY"]
[SourceTitle "EXT 2010"]
[Source "ChessBase"]
[SourceDate "2010.11.25"]
[SourceVersion "1"]
[SourceVersionDate "2010.11.25"]
[SourceQuality "1"]

1. e4 c5 2. d4 cxd4 3. c3 dxc3 4. Nxc3 Nc6 5. Nf3 Nf6 6. Bc4 e6 7. 0-0 d6 8. Qe2 Be7 9. Rd1 e5 10. h3 0-0 11. Be3 a6 12. Rac1 Bd7 13. Na4 b5 14. Bd5 Nxd5 15. exd5 Nd4 16. Bxd4 exd4 17. Nb6 d3 18. Rxd3 Qxb6 19. Qxe7 Bf5 20. Re3 Rac8 21. Rxc8 Bxc8 22. Ng5 Bf5 23. Rf3 Bg6 24. Ne6 Rc8 25. Rc3 Qb8 26. Qxd6 Qa8 27. Nc7 Qb7 28. Qxa6 Qxa6 29. Nxa6 Rxc3 30. bxc3 Kf8 31. d6 1-0